The Royston Club: Mrs Narcissistic lyrics - Statistics

General Stats
  • This quiz has been taken 46 times
    44 since last reset
  • The average score is 287 of 344
Answer Stats
Answer % Correct
A
100%
I
100%
It
100%
We
100%
You
100%
Do
97%
In
97%
Me
97%
Mrs
97%
So
97%
To
97%
All
93%
An
93%
And
93%
Be
93%
But
93%
For
93%
Narcissistic
93%
Talk
93%
The
93%
Venom
93%
What
93%
Wit
93%
With
93%
Words
93%
Your
93%
Act
90%
Always
90%
Blatant
90%
Disregard
90%
Fighting
90%
Fought
90%
Heard
90%
Leave
90%
Plastic
90%
Risk
90%
Share
90%
Tied
90%
Care
86%
Don’t
86%
On
86%
Tongue
86%
No
83%
Such
83%
That
83%
Water
83%
Why
83%
Can
79%
I’d
79%
Involves
79%
Is
79%
Million
79%
Places
79%
Rather
79%
See
79%
Still
79%
Taken
79%
There’s
79%
Went
79%
Wonder
79%
Wrong
79%
You’d
79%
Been
76%
Done
76%
Door
76%
Down
76%
Enough’s
76%
Not
76%
One
76%
Only
76%
Other
76%
Said
76%
Seems
76%
Sit
76%
Stumble
76%
Thats
76%
That’s
76%
Thing
76%
Through
76%
As
72%
Clear
72%
Crystal
72%
Fallacies
72%
Have
72%
Please
72%
Tell
72%
Dance
69%
Final
69%
We’ve
69%
Danced
66%
Hold
62%
Lead
62%
Life
62%
God
59%
Used
59%
Know
55%
Come
52%
Day
52%
More
52%
Of
52%
Vibrant
52%
White
52%
Dreams
48%
Free
48%
Got
48%
Little
48%
Pretty
48%
Russians
48%
Keys
45%
Won’t
45%
Set
41%
Glow
38%
List
38%
VIP
38%
Hand
34%
Houses
31%
Anyone
24%
Charm
24%
Own
24%
Tends
24%
Flawless
21%
Outlook
21%
Need
17%
Lack
10%
No matching quizzes found
Score Distribution
Percent of People with Each Score
Percentile by Number Answered
Your Score History
You have not taken this quiz since the last reset